| 000 | 00547nam a2200193Ia 4500 | ||
|---|---|---|---|
| 003 | OSt | ||
| 005 | 20260406110407.0 | ||
| 008 | 210210b1987 xxu||||| |||| 00| 0 eng d | ||
| 040 | _cAL | ||
| 041 | _aHindi | ||
| 082 | _aH891.4 BHAH | ||
| 100 |
_aBHAT (Pem Ishvar) _966507 _dभट्ट (प्रेम ईश्वर) |
||
| 245 |
_aHindi gadhy Bharathi _bहिंदी गद्य - भारती |
||
| 260 |
_aBengalur _bAnil Pustak Kendr _c1987 |
||
| 300 | _a93 | ||
| 690 |
_aHindi Prose _966508 |
||
| 906 | _a041525 | ||
| 942 |
_2ddc _cBK |
||
| 999 |
_c91295 _d91295 |
||